00260nam a2200085Ia 450000100070000000500170000700800410002424500830006526000260014865983020250826160102.0250824s9999 xx 000 0 und d 0aŞekilli Fizik SözlüğücCorinne Stockley, Chris Oxlade, Jane Wertheim bTÜBİTAK YAYINLARI